LEADER 01859oam 2200505 a 450 001 9910696974903321 005 20230902162117.0 035 $a(CKB)5470000002383140 035 $a(OCoLC)454853395 035 $a(EXLCZ)995470000002383140 100 $a20091008d2009 ua 0 101 0 $aeng 135 $aurmn||||||||| 181 $ctxt$2rdacontent 182 $cc$2rdamedia 183 $acr$2rdacarrier 200 10$aBiofuels$b[electronic resource] $epotential effects and challenges of required increases in production and use : report to congressional requesters 210 1$a[Washington, D.C.] :$cU.S. Govt. Accountability Office,$d[2009] 215 $a1 online resource (vi, 175 pages) $cillustrations, color map 300 $aTitle from PDF title screen (GAO, viewed Oct. 8, 2009). 300 $a"August 2009." 300 $a"GAO-09-446." 320 $aIncludes bibliographical references. 517 $aBiofuels 606 $aBiomass energy$xGovernment policy$zUnited States 606 $aAlcohol as fuel$xGovernment policy$zUnited States 606 $aRenewable energy sources$xGovernment policy$zUnited States 606 $aAgriculture and energy$zUnited States 606 $aBiomass energy$xEnvironmental aspects 606 $aBiomass energy$xClimatic factors 606 $aGreenhouse gas mitigation$zUnited States 615 0$aBiomass energy$xGovernment policy 615 0$aAlcohol as fuel$xGovernment policy 615 0$aRenewable energy sources$xGovernment policy 615 0$aAgriculture and energy 615 0$aBiomass energy$xEnvironmental aspects. 615 0$aBiomass energy$xClimatic factors. 615 0$aGreenhouse gas mitigation 801 0$bDID 801 1$bDID 801 2$bGPO 906 $aBOOK 912 $a9910696974903321 996 $aBiofuels$9804457 997 $aUNINA LEADER 01442nam0 22003613i 450 001 LO11063382 005 20231121125524.0 010 $a8887924864 100 $a20160331d2006 ||||0itac50 ba 101 | $aita$afre 102 $ait 181 1$6z01$ai $bxxxe 182 1$6z01$an 200 1 $a˜"œPar pieces et morceaux"$elettere 1809-1833$fEnrichetta Manzoni Blondel$ga cura di Fabio Danelon$gcon una nota di Marta Morazzoni 210 $aMilano$cCentro nazionale Studi Manzoniani$d2006 215 $aLXXVII, 406 p.$c1 ritr.$d24 cm. 225 | $aQuaderni Manzoni$v7 410 0$1001LO10531977$12001 $aQuaderni Manzoni$v7 517 1 $aLettere.$9LO11063389 606 $aBlondel, Enrichetta$xLettere e carteggi$2FIR$3RMLC386016$9I 676 $a856.7$9$v21 700 1$aManzoni Blondel$b, Enrichetta$3RAVV011064$4070$0192937 702 1$aMorazzoni$b, Marta$3CFIV010061 702 1$aDanelon$b, Fabio$3CFIV042023 790 1$aBlondel$b, Enrichetta$3RAVV011065$zManzoni Blondel, Enrichetta 801 3$aIT$bIT-01$c20160331 850 $aIT-FR0017 899 $aBiblioteca umanistica Giorgio Aprea$bFR0017 $eN 912 $aLO11063382 950 0$aBiblioteca umanistica Giorgio Aprea$d 52MAG 8/1933$e 52FLS0000082735 VMN Cofinanziamento anno 2005 pro. Antonelli$fA $h20190523$i20190523 977 $a 52 996 $aPar pieces et morceaux$91718643 997 $aUNICAS